000 00267nam a2200109Ia 4500
008 200302s9999 xx 000 0 und d
100 _aNora Richter Greer
245 _aArchitecture As Response
260 _bRockport Publishers Inc.,
260 _c1998
300 _a192 P.,
999 _c985
_d985